Kikadi 2 ? - - Statistiques

Statistiques générales
  • Ce quiz a été pris 118 fois
  • Le résultat moyen est 7 sur 30
Statistiques - réponses
Auteur Citation % Correct
Obélix Ils sont fous, ces Romains !
76%
Nicolas Sarkozy Casse-toi, pauv' con !
68%
Jean de La Fontaine Rien ne sert de courir ; il faut partir à point
65%
Charles de Gaulle Comment voulez-vous gouverner un pays où il existe 258 variétés de fromage ?
54%
Voltaire Il faut cultiver notre jardin
46%
Chevallier & Laspalès Il y en a qui ont essayé. Ils ont eu des problèmes .
30%
Edouard Balladur Je vous demande de vous arrêter !
29%
Arthur Rimbaud On n'est pas sérieux, quand on a dix-sept ans
25%
Michel Audiard Les cons, ça ose tout. C'est même à ça qu'on les reconnaît.
25%
Louis Aragon La femme est l'avenir de l'homme
24%
Jacques Prévert Il dit non avec la tête mais il dit oui avec le coeur
23%
Marcel Proust Longtemps, je me suis couché de bonne heure
23%
William Shakespeare Il y a quelque chose de pourri au royaume du Danemark
23%
Molière Il faut manger pour vivre et non vivre pour manger.
20%
Winston Churchill Une pomme par jour éloigne le médecin... pourvu que l'on vise bien
20%
Eric Cantona Quand les mouettes suivent un chalutier, c’est qu’elles pensent qu’on va leur jeter des sardines.
19%
Coco Chanel La mode se démode, le style jamais
15%
Margaret Thatcher I want my money back
11%
Gandhi Vis comme si tu devais mourir demain. Apprends comme si tu devais vivre toujours
10%
Serge Gainsbourg La vie ne vaut d'être vécue sans amour ...
10%
Arletty Mon cœur est français, mais mon cul est international
8%
Sacha Guitry Si les hommes aiment les femmes silencieuses, c'est parce qu'ils sont persuadés qu'elles les écoutent.
8%
Confucius Exige beaucoup de toi-même et attends peu des autres. Ainsi beaucoup d'ennuis te seront épargnés.
5%
Abbé Pierre Un sourire coûte moins cher que l'électricité, mais donne autant de lumière.
4%
Georgina Dufoix Responsable mais pas coupable
4%
Comte d’Anterroches Messieurs les Anglais, tirez les premiers !
2%
Oscar Wilde J'ai les goûts les plus simples du monde, je me contente du meilleur
2%
Christine Boutin Il ne faudrait pas que celui qui vient de donner son sperme s'en lave les mains
1%
Jean Cocteau Le verbe aimer est difficile à conjuguer : son passé n'est pas simple, son présent n'est qu'indicatif, et son futur est toujours conditionnel.
1%
Vladimir Lénine La confiance n'exclut pas le contrôle.
1%
Aucun quiz correspondant
Distribution des résultats
% des personnes avec chaque résultat
Percentile par nombre de réponses
Votre historique - résultats
Vous n’avez pas pris ce quiz